Дело о состоящем под надзором полиции в городе Ядрине польском уроженце Казимире Свидерском

Доступно только в Электронных читальных залах Найти на картеНа карте
RUSMARC
00003701nmc2a22000003x 450
0019ebf0dc8-f877-4e14-91fb-c8dc7a0681fd
00520210316133643.0
100##$a20181212l18671870k l0rusy0189 ca
1010#$arus
102##$aRU
2001#$aДело о состоящем под надзором полиции в городе Ядрине польском уроженце Казимире Свидерском
$j26 июня 1867 г. - 5 июля 1870 г.
251##$cДело
300##$aДело
801#0$aRU
$bРГИА
$c20181212
$gRCR
801#1$aRU
$bГлавНИВЦ
$c20181212
$2rusmarc
801#2$aRU
$bПБ им. Б.Н. Ельцина
$c20210316
$gRCR
$2rusmarc
850##$aРГИА
852##$aРГИА
$eФедеральное казенное учреждение "Российский государственный исторический архив" (РГИА)
$j1268
937##$hРГИА
$d12296452
$aASBIBLIO_SCAN
462#0$100191353b96-cc3d-4f24-9eeb-3bfef1665a95
$12001
$aДела Департамента полиции исполнительной МВД за 1867 год
$1251
$cОпись
$1852
$j28
$l1867 г.
461#0$10013e300ed0-cd39-49af-8489-5ba5b90fa401
$12001
$aДепартамент полиции исполнительной МВД
$1251
$cФонд
$1852
$j1286
215##$a41 л.
$d36,5х26 см
371##$aДокумент не является опубликованным и широко распространяемым
105##$ay###
1222#$ad
035##$a9ebf0dc8-f877-4e14-91fb-c8dc7a0681fd
856##$uhttp://readingroom.main.prlib.ru/item.aspx?id_node=n158867248&mode=full
Формат отображения